000
00263 a2200109 4500
001
75303
082
_a
517.42 ROB
090
_c
39111
_d
39111
100
_a
Robert, Qar
245
_a
Multisoft Numerical control" DOS version software
_h
English
260
_b
Intels
942
_a
CAE NUST
_k
517.42 ROB
999
_c
310376
_d
310376